Salmagundi Club painting exhibition records 1940-1951 and Water color exhibition records 1900-1951 / (Record no. 18327)

000 -LEADER
fixed length control field 01195cam a2200301 a 4500
001 - CONTROL NUMBER
control field 15862157
005 - DATE AND TIME OF LATEST TRANSACTION
control field 20161205115111.0
008 - FIXED-LENGTH DATA ELEMENTS--GENERAL INFORMATION
fixed length control field 090810s2009 nyua 000 0 eng d
010 ## - LIBRARY OF CONGRESS CONTROL NUMBER
LC control number 2009934634
020 ## - INTERNATIONAL STANDARD BOOK NUMBER
International Standard Book Number 9780979129025
020 ## - INTERNATIONAL STANDARD BOOK NUMBER
International Standard Book Number 0979129028
035 ## - SYSTEM CONTROL NUMBER
System control number (OCoLC)ocn468727633
040 ## - CATALOGING SOURCE
Original cataloging agency YUS
Transcribing agency YUS
Modifying agency CAM
-- CDX
-- YDXCP
-- DLC
042 ## - AUTHENTICATION CODE
Authentication code lccopycat
043 ## - GEOGRAPHIC AREA CODE
Geographic area code n-us---
050 00 - LIBRARY OF CONGRESS CALL NUMBER
Classification number N6510
Item number .K373 2009
100 1# - MAIN ENTRY--PERSONAL NAME
Personal name Katlan, Alexander W.
245 10 - TITLE STATEMENT
Title Salmagundi Club painting exhibition records 1940-1951 and Water color exhibition records 1900-1951 /
Statement of responsibility, etc. by Alexander W. Katlan.
246 1# - VARYING FORM OF TITLE
Display text At head of title:
Title proper/short title Salmagundi Club painting & water color exhibitions
260 ## - PUBLICATION, DISTRIBUTION, ETC. (IMPRINT)
Place of publication, distribution, etc. Flushing, N.Y. :
Name of publisher, distributor, etc. Alexander W. Katlan and Salmagundi Club NYC,
Date of publication, distribution, etc. c2009.
300 ## - PHYSICAL DESCRIPTION
Extent 624 p. :
Other physical details ill. ;
Dimensions 24 cm.
610 20 - SUBJECT ADDED ENTRY--CORPORATE NAME
Corporate name or jurisdiction name as entry element Salmagundi Club
General subdivision Exhibitions
-- History
Chronological subdivision 20th century.
650 #0 - SUBJECT ADDED ENTRY--TOPICAL TERM
Topical term or geographic name as entry element Art, American
Chronological subdivision 20th century
Form subdivision Exhibitions.
710 2# - ADDED ENTRY--CORPORATE NAME
Corporate name or jurisdiction name as entry element Salmagundi Club.
942 ## - ADDED ENTRY ELEMENTS (KOHA)
Source of classification or shelving scheme
Koha item type Hard Covered Materials
Holdings
Withdrawn status Lost status Source of classification or shelving scheme Damaged status Not for loan Home library Current library Shelving location Date acquired Source of acquisition Total Checkouts Full call number Barcode Date last seen Price effective from Koha item type
          MACHAKOS UNIVERSITY LIBRARY MACHAKOS UNIVERSITY LIBRARY Open shelf 05/12/2016 Donation(B.F.A)   N6510 .K373 2009 29233 05/12/2016 05/12/2016 Hard Covered Materials
© Machakos University Library, Along The Highway, Machakos Wote Rd, Machakos, Kenya P.O. Box 136 - 90100 Machakos - Kenya

Tel: ( +254 ) 723 805829 OR Fax : 044-20353 OR Email: library@mksu.ac.ke